<?xml version="1.0" encoding="UTF-8"?>
<collection xmlns="http://www.loc.gov/MARC21/slim">
 <record>
  <leader>03963nam a2200457 i 4500</leader>
  <controlfield tag="001">000664980</controlfield>
  <controlfield tag="003">StDuBDS</controlfield>
  <controlfield tag="005">20200303181221.0</controlfield>
  <controlfield tag="006">m|||||o||d||||||||</controlfield>
  <controlfield tag="007">cr |||||||||||</controlfield>
  <controlfield tag="008">190204s2019    nyu    fob    001|0|eng|d</controlfield>
  <datafield tag="STA" ind1=" " ind2=" ">
   <subfield code="a">NEZPRACOVANÝ IMPORT</subfield>
  </datafield>
  <datafield tag="020" ind1=" " ind2=" ">
   <subfield code="a">9780190469764 (ebook) :</subfield>
   <subfield code="c">No price</subfield>
  </datafield>
  <datafield tag="050" ind1=" " ind2="0">
   <subfield code="a">HB846.8</subfield>
   <subfield code="b">.O84 2019</subfield>
  </datafield>
  <datafield tag="082" ind1="0" ind2="4">
   <subfield code="a">302.13</subfield>
   <subfield code="2">23</subfield>
  </datafield>
  <datafield tag="245" ind1="0" ind2="4">
   <subfield code="a">The Oxford handbook of public choice.</subfield>
   <subfield code="n">Volume 1 /</subfield>
   <subfield code="c">edited by Roger D. Congleton, Bernard Grofman, and Stefan Voigt.</subfield>
  </datafield>
  <datafield tag="246" ind1="3" ind2="0">
   <subfield code="a">Public choice</subfield>
  </datafield>
  <datafield tag="264" ind1=" " ind2="1">
   <subfield code="a">New York :</subfield>
   <subfield code="b">Oxford University Press,</subfield>
   <subfield code="c">2019.</subfield>
  </datafield>
  <datafield tag="300" ind1=" " ind2=" ">
   <subfield code="a">1 online resource.</subfield>
  </datafield>
  <datafield tag="336" ind1=" " ind2=" ">
   <subfield code="a">text</subfield>
   <subfield code="2">rdacontent</subfield>
  </datafield>
  <datafield tag="337" ind1=" " ind2=" ">
   <subfield code="a">computer</subfield>
   <subfield code="2">rdamedia</subfield>
  </datafield>
  <datafield tag="338" ind1=" " ind2=" ">
   <subfield code="a">online resource</subfield>
   <subfield code="2">rdacarrier</subfield>
  </datafield>
  <datafield tag="490" ind1="1" ind2=" ">
   <subfield code="a">Oxford handbooks online</subfield>
  </datafield>
  <datafield tag="504" ind1=" " ind2=" ">
   <subfield code="a">Includes bibliographical references and index.</subfield>
  </datafield>
  <datafield tag="505" ind1="0" ind2="0">
   <subfield code="t">Rational Choice and Politics /</subfield>
   <subfield code="r">Roger D. Congleton --</subfield>
   <subfield code="t">Spatial voting models of party competition in two dimensions /</subfield>
   <subfield code="r">James F. Adams --</subfield>
   <subfield code="t">Spatial social choice /</subfield>
   <subfield code="r">Norman Schofield --</subfield>
   <subfield code="t">Economic voting /</subfield>
   <subfield code="r">Michael S. Lewis-Beck, Mary Stegmaier --</subfield>
   <subfield code="t">Valence politics /</subfield>
   <subfield code="r">Haldun Evrenk --</subfield>
   <subfield code="t">The Study of Strategic Voting /</subfield>
   <subfield code="r">André Blais, Arianna Degan --</subfield>
   <subfield code="t">Turnout: Why do voters vote? /</subfield>
   <subfield code="r">Serguei Kaniovski --</subfield>
   <subfield code="t">Expressive voting /</subfield>
   <subfield code="r">Alan Hamlin, Colin Jennings --</subfield>
   <subfield code="t">Altruism and political participation /</subfield>
   <subfield code="r">Richard Jankowski --</subfield>
   <subfield code="t">Social Embeddedness and Rational Turnout /</subfield>
   <subfield code="r">Carole Jean Uhlaner --</subfield>
   <subfield code="t">Information cues and rational ignorance /</subfield>
   <subfield code="r">Shaun Bowler, Stephen P. Nicholson --</subfield>
   <subfield code="t">Choosing among Governments /</subfield>
   <subfield code="r">Alan Hamlin --</subfield>
   <subfield code="t">Campaign Finance /</subfield>
   <subfield code="r">Thomas Stratmann --</subfield>
   <subfield code="t">Primaries, conventions, and other methods for nominating candidates: How do they matter? /</subfield>
   <subfield code="r">Gilles Serra --</subfield>
   <subfield code="t">Logrolling and coalitions /</subfield>
   <subfield code="r">Anthony J. McGann --</subfield>
   <subfield code="t">Collective action /</subfield>
   <subfield code="r">Jac C. Heckelman --</subfield>
   <subfield code="t">Rent Seeking: The resource cost of influence /</subfield>
   <subfield code="r">Arye L. Hillman, Ngo Van Long --</subfield>
   <subfield code="t">The structure of contests and the extent of dissipation /</subfield>
   <subfield code="r">Karl Wärneryd --</subfield>
   <subfield code="t">The Political Economy of Rent Creation and Rent Extraction /</subfield>
   <subfield code="r">Roger D. Congleton --</subfield>
   <subfield code="t">Empirical evidence on rent seeking costs /</subfield>
   <subfield code="r">Ignacio del Rosal --</subfield>
   <subfield code="t">'The Bureaucracy' as an Interest Group /</subfield>
   <subfield code="r">Patrick Dunleavy --</subfield>
   <subfield code="t">Interest groups and regulatory capture /</subfield>
   <subfield code="r">William F. Shughart II, Diana W. Thomas --</subfield>
   <subfield code="t">Public Choice: Early Contributions /</subfield>
   <subfield code="r">Dennis C. Mueller --</subfield>
   <subfield code="t">Corruption /</subfield>
   <subfield code="r">Toke Aidt --</subfield>
   <subfield code="t">The Political Economy of Trust /</subfield>
   <subfield code="r">Christian Bjørnskov --</subfield>
   <subfield code="t">Contested Political Persuasion /</subfield>
   <subfield code="r">Stergios Skaperdas, Samarth Vaidya --</subfield>
   <subfield code="t">Stochastic Process Models of Preference Change /</subfield>
   <subfield code="r">Michel Regenwetter, Yung-Fong Hsu --</subfield>
   <subfield code="t">Leadership as Persuasion /</subfield>
   <subfield code="r">Benjamin E. Hermalin --</subfield>
   <subfield code="t">Public choice and social democracy /</subfield>
   <subfield code="r">Peter Kurrild-Klitgaard --</subfield>
   <subfield code="t">Fairness concepts /</subfield>
   <subfield code="r">Christian Klamler --</subfield>
   <subfield code="t">Social contract vs. Invisible hand: Agreeing to sol</subfield>
  </datafield>
  <datafield tag="520" ind1="8" ind2=" ">
   <subfield code="a">The two volume Oxford Handbook of Public Choice provides a comprehensive overview of the Public Choice literature. Volume 1 covers rational choice models of elections, interest groups, rent seeking, and public choice contributions to normative political economy. It begins with introductory chapters on rational choice politics, the founding of public choice, and the evaluation and selection of constitutions.</subfield>
  </datafield>
  <datafield tag="521" ind1=" " ind2=" ">
   <subfield code="a">Specialized.</subfield>
  </datafield>
  <datafield tag="588" ind1=" " ind2=" ">
   <subfield code="a">Description based on online resource; title from home page (viewed on February 5, 2019).</subfield>
  </datafield>
  <datafield tag="650" ind1=" " ind2="0">
   <subfield code="a">Social choice.</subfield>
  </datafield>
  <datafield tag="700" ind1="1" ind2=" ">
   <subfield code="a">Congleton, Roger D.,</subfield>
   <subfield code="e">editor.</subfield>
  </datafield>
  <datafield tag="700" ind1="1" ind2=" ">
   <subfield code="a">Grofman, Bernard,</subfield>
   <subfield code="e">editor.</subfield>
  </datafield>
  <datafield tag="700" ind1="1" ind2=" ">
   <subfield code="a">Voigt, Stefan,</subfield>
   <subfield code="e">editor.</subfield>
  </datafield>
  <datafield tag="776" ind1="0" ind2="8">
   <subfield code="i">Print version :</subfield>
   <subfield code="z">9780190469733</subfield>
  </datafield>
  <datafield tag="830" ind1=" " ind2="0">
   <subfield code="a">Oxford handbooks online.</subfield>
  </datafield>
  <datafield tag="856" ind1="4" ind2="0">
   <subfield code="3">Oxford handbooks online</subfield>
   <subfield code="u">http://dx.doi.org/10.1093/oxfordhb/9780190469733.001.0001</subfield>
   <subfield code="y">Plný text</subfield>
  </datafield>
  <datafield tag="856" ind1="4" ind2="2">
   <subfield code="u">https://knihovna.vse.cz/zdroje/oxford-handbooks-online-scholarly-research-reviews/?info</subfield>
   <subfield code="y">Informace o práci s e-knihami</subfield>
  </datafield>
  <datafield tag="BAS" ind1=" " ind2=" ">
   <subfield code="a">OXFORD</subfield>
  </datafield>
  <datafield tag="BAS" ind1=" " ind2=" ">
   <subfield code="a">EB</subfield>
  </datafield>
  <datafield tag="993" ind1=" " ind2=" ">
   <subfield code="x">NEPOSILAT</subfield>
   <subfield code="y">EB</subfield>
  </datafield>
 </record>
</collection>
